| 000 | 006760000a22001930004500 | ||
|---|---|---|---|
| 001 | 40230 | ||
| 100 | _a20050621d1997 k y0pory5003 ba | ||
| 101 | 0 | _apor | |
| 102 | _aPT | ||
| 200 | 1 |
_aLiteratura moçambicana: memória e conflito _eitinerário poético de Rui Knopfli _fFrancisco Noa |
|
| 210 |
_aMaputo _cUniversidade Eduardo Mondlane: Livraria Universitária _d1997 |
||
| 215 | _a159 p. | ||
| 606 | _aLiteratura africana de expressão portuguesa | ||
| 675 |
_a83 _vBN _zpor |
||
| 675 |
_a821.134.3(679)"19" _vBN _zpor |
||
| 700 | 1 |
_aNoa _bFrancisco |
|
| 090 | _a40230 | ||
| 942 |
_cMON _n0 |
||
| 999 | _a40230 | ||